[Event "IECG CP.2006.P.00031 email"]
[Site "IECG email"]
[Date "2006.10.01"]
[Round "?"]
[White "Johanson, Frans"]
[Black "Peterson, Larry"]
[Result "1-0"]
[WhiteElo "1968"]
[BlackElo "1572"]
[PlyCount "61"]
[EventDate "2006.10.01"]
[EventType "tourn (corr)"]
[EventRounds "6"]
[SourceTitle "Corr 2011"]
[Source "ChessBase"]
[SourceDate "2010.08.31"]
[SourceVersion "1"]
[SourceVersionDate "2010.08.31"]
[SourceQuality "1"]

1. d4 d5 2. c4 e6 3. Nf3 Nf6 4. Nc3 Be7 5. Bg5 h6 6. Bxf6 Bxf6 7. e3 0-0 8. Rc1 a6 9. a3 c6 10. Bd3 Nd7 11. 0-0 b5 12. cxd5 cxd5 13. Bb1 g6 14. Ne2 Nb6 15. Nf4 Nc4 16. a4 bxa4 17. Qxa4 Bd7 18. Qa2 Qe7 19. b3 Na3 20. Bxg6 fxg6 21. Nxg6 Qd6 22. Nxf8 Kxf8 23. Ne5 Be8 24. f4 Nb5 25. Qf2 Ke7 26. Qg3 Qb4 27. Qg8 Nc3 28. Kh1 Qxb3 29. Ng4 Ne4 30. Qh7+ Kf8 31. Rc7 1-0

[Event "IECG QB.2006.0.00077"]
[Site "IECG email"]
[Date "2006.04.11"]
[Round "?"]
[White "Peterson, Larry"]
[Black "Sherwood, Russell"]
[Result "0-1"]
[WhiteElo "1800"]
[BlackElo "1801"]
[PlyCount "66"]
[EventDate "2006.04.11"]
[EventType "tourn (corr)"]
[EventRounds "6"]
[SourceTitle "Corr 2008"]
[Source "ChessBase"]
[SourceDate "2008.06.24"]
[SourceVersion "1"]
[SourceVersionDate "2008.06.24"]
[SourceQuality "1"]

1. d4 g6 2. e4 Bg7 3. Nc3 d6 4. Nf3 a6 5. a4 b6 6. Be3 Bb7 7. Bd3 Nd7 8. 0-0 Ngf6 9. h3 0-0 10. b4 c5 11. bxc5 bxc5 12. d5 Qa5 13. Bd2 Qc7 14. Re1 e6 15. Bc4 Nb6 16. Qe2 exd5 17. exd5 Nfxd5 18. Bxd5 Nxd5 19. Nxd5 Bxd5 20. Rab1 Qc6 21. Bf4 Rfe8 22. Qd3 Be4 23. Qxd6 Qxd6 24. Bxd6 Bxc2 25. Rxe8+ Rxe8 26. Rb6 c4 27. Rc6 c3 28. a5 Be4 29. Rc7 h6 30. Bb4 c2 31. Ba3 Rd8 32. Ne1 Rd1 33. Kf1 Bd3+ 0-1

[Event "IECG CB.2006.0.00155 email"]
[Site "IECG email"]
[Date "2006.03.19"]
[Round "?"]
[White "Amann, Klaus"]
[Black "Peterson, Larry"]
[Result "1-0"]
[WhiteElo "1883"]
[BlackElo "1800"]
[PlyCount "56"]
[EventDate "2006.03.19"]
[EventType "tourn (corr)"]
[EventRounds "6"]
[SourceTitle "Corr 2008"]
[Source "ChessBase"]
[SourceDate "2008.06.24"]
[SourceVersion "1"]
[SourceVersionDate "2008.06.24"]
[SourceQuality "1"]

1. e4 e6 2. d4 d5 3. Nc3 Bb4 4. e5 c5 5. a3 Bxc3+ 6. bxc3 Qc7 7. Nf3 b6 8. a4 Ba6 9. Bb5+ Bxb5 10. axb5 a5 11. 0-0 Ne7 12. Qe2 Nd7 13. Ba3 0-0 14. c4 dxc4 15. Qxc4 Rac8 16. c3 Rfe8 17. Qe2 cxd4 18. cxd4 Nd5 19. Rac1 Qb7 20. Ng5 h6 21. Ne4 Rxc1 22. Bxc1 Qc7 23. Nd6 Rf8 24. Qg4 Kh8 25. Nxf7+ Rxf7 26. Qxe6 Nxe5 27. Qxd5 Ng4 28. Qa8+ Kh7 1-0

[Event "IECG CB.2006.0.00155 email"]
[Site "IECG email"]
[Date "2006.03.19"]
[Round "?"]
[White "Pott, Brian"]
[Black "Peterson, Larry"]
[Result "1-0"]
[WhiteElo "1868"]
[BlackElo "1800"]
[PlyCount "51"]
[EventDate "2006.03.19"]
[EventType "tourn (corr)"]
[EventRounds "6"]
[SourceTitle "Corr 2008"]
[Source "ChessBase"]
[SourceDate "2008.06.24"]
[SourceVersion "1"]
[SourceVersionDate "2008.06.24"]
[SourceQuality "1"]

1. e4 e6 2. d4 d5 3. Nd2 Be7 4. Bd3 c5 5. dxc5 Nf6 6. Qe2 0-0 7. Ngf3 a5 8. 0-0 Na6 9. e5 Nd7 10. Nd4 Ndxc5 11. N2f3 Bd7 12. Bb5 Nc7 13. Bxd7 Qxd7 14. Be3 h6 15. Nd2 Qd8 16. Qg4 Kh7 17. f4 Rg8 18. f5 Bg5 19. Rae1 Re8 20. f6 Bxe3+ 21. Rxe3 g5 22. Rh3 Rg8 23. Rxh6+ Kxh6 24. Rf3 Qf8 25. Rh3+ Kg6 26. Qh5# 1-0

[Event "IECG QB.2006.0.00076"]
[Site "IECG email"]
[Date "2006.03.17"]
[Round "?"]
[White "Muller, Henri Louis"]
[Black "Peterson, Larry"]
[Result "1-0"]
[WhiteElo "1923"]
[BlackElo "1800"]
[PlyCount "79"]
[EventDate "2006.03.17"]
[EventType "tourn (corr)"]
[EventRounds "6"]
[SourceTitle "Corr 2008"]
[Source "ChessBase"]
[SourceDate "2008.06.24"]
[SourceVersion "1"]
[SourceVersionDate "2008.06.24"]
[SourceQuality "1"]

1. e4 e5 2. Nf3 Nc6 3. Bb5 a6 4. Ba4 Nf6 5. 0-0 Nxe4 6. d4 b5 7. Bb3 d5 8. dxe5 Be6 9. c3 Bc5 10. Nbd2 0-0 11. Bc2 Nxf2 12. Rxf2 f6 13. exf6 Bxf2+ 14. Kxf2 Qxf6 15. Nf1 Ne5 16. Be3 Rae8 17. Bc5 Nxf3 18. gxf3 Rf7 19. Kg2 d4 20. Bxd4 Qg5+ 21. Ng3 c5 22. Bf2 Rxf3 23. Be4 Rff8 24. Kg1 Rd8 25. Qe1 Bh3 26. Be3 Qg4 27. Qe2 Qxe2 28. Nxe2 Rfe8 29. Ng3 c4 30. Bd4 h5 31. Bg6 Rf8 32. Bxh5 b4 33. Re1 bxc3 34. Bxc3 Bf5 35. Re7 Bc2 36. Rxg7+ Kh8 37. Ra7+ Kg8 38. Bg4 Rfe8 39. Nh5 Re4 40. Nf6+ 1-0

[Event "IECG QB.2006.0.00076"]
[Site "IECG email"]
[Date "2006.03.17"]
[Round "?"]
[White "Peterson, Larry"]
[Black "Pott, Brian"]
[Result "0-1"]
[WhiteElo "1800"]
[BlackElo "1870"]
[PlyCount "61"]
[EventDate "2006.03.17"]
[EventType "tourn (corr)"]
[EventRounds "6"]
[SourceTitle "Corr 2008"]
[Source "ChessBase"]
[SourceDate "2008.06.24"]
[SourceVersion "1"]
[SourceVersionDate "2008.06.24"]
[SourceQuality "1"]

1. c4 e5 2. g3 Nf6 3. Bg2 d5 4. cxd5 Nxd5 5. Nf3 Nc6 6. 0-0 Nb6 7. d3 Be7 8. Nbd2 0-0 9. a3 a5 10. b3 Be6 11. Bb2 f6 12. Qc2 Rf7 13. Rfd1 Bf8 14. e3 Rd7 15. d4 exd4 16. Bxd4 Qe8 17. Bb2 Rad8 18. e4 Qh5 19. Re1 Rd3 20. e5 fxe5 21. Qc1 Bg4 22. Bxe5 R8d7 23. Bf4 Rxf3 24. Nxf3 Bxf3 25. Bxf3 Qxf3 26. Re8 Qxb3 27. Qe1 Qd5 28. Qe6+ Qxe6 29. Rxe6 g5 30. Bxg5 Nd4 31. Re3 0-1

[Event "IECG QB.2006.0.00076"]
[Site "IECG email"]
[Date "2006.03.17"]
[Round "?"]
[White "Pott, Brian"]
[Black "Peterson, Larry"]
[Result "1-0"]
[WhiteElo "1870"]
[BlackElo "1800"]
[PlyCount "73"]
[EventDate "2006.03.17"]
[EventType "tourn (corr)"]
[EventRounds "6"]
[SourceTitle "Corr 2008"]
[Source "ChessBase"]
[SourceDate "2008.06.24"]
[SourceVersion "1"]
[SourceVersionDate "2008.06.24"]
[SourceQuality "1"]

1. e4 e5 2. f4 Bc5 3. Nf3 d6 4. Nc3 Nf6 5. Bc4 Nc6 6. d3 Bg4 7. Na4 0-0 8. Nxc5 dxc5 9. 0-0 Qd6 10. f5 Nd4 11. a4 a6 12. c3 b5 13. cxd4 Bxf3 14. Bxf7+ Rxf7 15. Rxf3 Qxd4+ 16. Be3 Qxb2 17. Bxc5 Rd8 18. Rb1 Qa2 19. Qc1 Rfd7 20. Ra1 Qf7 21. axb5 axb5 22. Qb2 Qe8 23. Qxb5 Kh8 24. Qc4 h6 25. Re1 Ra8 26. d4 exd4 27. Bxd4 Qd8 28. Rd3 Ng4 29. Red1 Qh4 30. h3 Nf6 31. Bxf6 Rxd3 32. Bxh4 Rxd1+ 33. Kh2 Raa1 34. f6 Rh1+ 35. Kg3 g5 36. Qf7 gxh4+ 37. Kg4 1-0